Liekis, Algimantas, 1943-. LKP agonijos kronika. - Vilnius : Žurnalo Lietuvos Mokslas Leid. [Rezension]
| Titel: | Liekis, Algimantas, 1943-. LKP agonijos kronika. - Vilnius : Žurnalo Lietuvos Mokslas Leid. [Rezension] |
|---|---|
| Verfasser: | |
| In: |
Lituanistica, Heft 3 (31) (1997), Seite 137-140 alle Artikel anzeigen |
| Veröffentlicht: | 1997 |
| Format: | Aufsatz |
| Sprache: | Litauisch |
X
alg: 39488644 001A $01999:12-11-16 001B $01999:03-08-21 $t21:05:37.000 001D $01999:12-11-16 001U $0utf8 001X $00 002@ $0Aox 003@ $0394886445 007A $0394886445 $aHEB 007T $0Herdc0027494m 010@ $alit 011@ $a1997 021A $aLiekis, Algimantas, 1943-. LKP agonijos kronika. - Vilnius : Žurnalo Lietuvos Mokslas Leid. [Rezension] 028A $aBauža $dČeslovas 031A $e3 (31) $h137-140 $j1997 039B $aIn $8--Abvc--. Lituanistica. - Vilnius : Academia, 1990-. - ISSN 0235-716X $x199700000000003863 $904857693X 039T $8--Acu--Liekis, Algimantas$Z1943- [Tp3]. LKP agonijos kronika. - Vilnius : Žurnalo Lietuvos Mokslas Leid. $9059696435 045F $a900.94793 $eDDC23BSB 045F/01 $a900 045F/03 $g4793 045T $a7,44 lok: 39488644 78 exp: 39488644 78 1 #EPN 201B/01 $018-11-16 $t13:02:41.000 201U/01 $0utf8 203@/01 $0791185028 208@/01 $a12-11-16 $be 209A/01 $a/ $f000 $x00 220C/01 $aTitelaufnehmer: it 244Z/01 $2Trx $#Litauen $#Lithuania $#Litwa $#Litva $#Litva $8--Trx--Lietuva $x01 $9391193457 244Z/01 $2Trx $#arvustused $#recenzijos $#Reviews $#recenziók $#recenzje $#recenzie $#recenze $8--Trx--Rezensionen $x02 $9391357441 247C/01 $82080>Marburg/Lahn, Herder-Institut, Forschungsbibliothek, Bibliographieportal $9336309341
| LEADER | 00000caa a22000002c 4500 | ||
|---|---|---|---|
| 001 | 394886445 | ||
| 003 | DE-603 | ||
| 005 | 20210803210537.0 | ||
| 007 | tu | ||
| 008 | 161112s1997 xx |||| | u00||u|lit c | ||
| 035 | |a (DE-599)HEB394886445 | ||
| 040 | |a DE-603 |b ger |c DE-603 |d DE-603 | ||
| 041 | |a lit | ||
| 082 | 0 | 4 | |8 1\u |a 900.94793 |q DE-101 |2 23/BSB |
| 084 | |a 7,44 |2 ssgn | ||
| 085 | |8 1\u |b 900 | ||
| 085 | |8 1\u |z 2 |s 4793 | ||
| 100 | 1 | |a Bauža, Česlovas | |
| 245 | 0 | 0 | |a Liekis, Algimantas, 1943-. LKP agonijos kronika. - Vilnius : Žurnalo Lietuvos Mokslas Leid. [Rezension] |
| 264 | 0 | |c 1997 | |
| 773 | 0 | 8 | |i In |t Lituanistica |d Vilnius : Academia, 1990- |x 0235-716X |g Heft 3 (31) (1997), Seite 137-140 |w (DE-603)04857693X |w (DE-600)1069331-2 |
| 787 | 0 | 8 | |i Rezension von |a Liekis, Algimantas, 1943- |t LKP agonijos kronika |d Vilnius : Žurnalo Lietuvos Mokslas Leid. |w (DE-603)059696435 |
| 924 | 0 | |9 2080 |a (DE-603)791185028 |b DE-2080 |c HES |d d |g / | |


